Statistics for Random Knowledge Quiz #50 - End of 2023 edition

Click here to take the quiz!

General Stats

  • This quiz has been taken 60 times
  • The average score is 8 of 15

Answer Stats

QuestionAnswer% Correct
Which Friends actor passed away in October 2023?Matthew Perry
80%
And where was the Eurovision held, despite Ukraine winning in 2022?Liverpool
76%
Who formally approved the blessing of gay marriage in December?Pope Francis
69%
What event was the most watched TV broadcast in Britain in 2023?The Coronation of Charles III and Camilla
63%
To which leader of a country did The International Criminal Court issue an arrest warrant in March?Vladimir Putin
59%
Which country became the 31st member of NATO in April?Finland
57%
The CEO of which social media platform was questioned for over four hours by a US congressional hearing over its Chinese security risks?TikTok
57%
Who won the Eurovision in 2023, making them the second artist to win twice?Loreen
55%
What is the autobiography of Prince Harry called?Spare
55%
On January 1st, 2023, which country adopted the Euro and joined the Schengen area?Croatia
37%
What was the name of the submersible that imploded on its expedition to the wreck of Titanic?Titan
37%
Which movie won the best picture Oscar in 2023?Everything Everywhere All at Once
35%
Who had to apologize for a video showing him asking a boy to suck his tongue?The Dalai Lama
31%
Finish these lyrics: Takin' a drive, I was an ideal / Looked so alive, turns out I'm not real / Just something you paid for / What was I...Made for
29%
What was the highest-grossing animated movie of 2023?The Super Mario Bros. Movie
22%

Score Distribution

Percentile by Number Answered

Percent of People with Each Score

Your Score History

You have not taken this quiz